|
|
|
|
| LEADER |
00000naa2a2200000 4500 |
| 001 |
395373 |
| 005 |
20231101064621.0 |
| 035 |
|
|
|a (RuTPU)RU\TPU\prd\32644
|
| 090 |
|
|
|a 395373
|
| 100 |
|
|
|a 20050210a2004 k y0rusy50 ca
|
| 101 |
0 |
|
|a rus
|
| 102 |
|
|
|a RU
|
| 200 |
1 |
|
|a Взаимосвязь изменения солнечной активности и социальной нестабильности в мире
|f С. Е. Байда, В. Ф. Мищенко
|
| 225 |
1 |
|
|a Чрезвычайные ситуации
|
| 320 |
|
|
|a Библиогр.: 4 назв.
|
| 461 |
|
1 |
|0 (RuTPU)RU\TPU\prd\1137
|t Безопасность жизнедеятельности
|o научно-практический и учебно-методический журнал
|d 2001-
|
| 463 |
|
1 |
|0 (RuTPU)RU\TPU\prd\31889
|t № 12
|v С. 46-50
|d 2004
|
| 610 |
1 |
|
|a солнечная активность
|
| 610 |
1 |
|
|a социальная нестабильность
|
| 610 |
1 |
|
|a взаимосвязь
|
| 610 |
1 |
|
|a анализ
|
| 610 |
1 |
|
|a исторические события
|
| 610 |
1 |
|
|a 19 век
|
| 610 |
1 |
|
|a 20 век
|
| 675 |
|
|
|a 159.922.2
|v 3
|
| 675 |
|
|
|a 523.98
|v 3
|
| 700 |
|
1 |
|a Байда
|b С. Е.
|
| 701 |
|
1 |
|a Мищенко
|b В. Ф.
|
| 801 |
|
1 |
|a RU
|b 63413507
|c 20050210
|g PSBO
|
| 801 |
|
2 |
|a RU
|b 63413507
|c 20060724
|g PSBO
|
| 942 |
|
|
|c BK
|